Statistics for Players who have played for Newcastle United & Paris Saint Germain

Click here to take the quiz!

General Stats

  • This quiz has been taken 212 times
  • The average score is 3 of 10

Answer Stats

HintAnswer% Correct
Central MidfielderYohan Cabaye
91%
WingerDavid Ginola
48%
WingerLaurent Robert
41%
Full BackDidier Domi
17%
Centre HalfAlain Goma
17%
Centre HalfSylvain Distin
17%
Centre HalfDavid Rozehnal
9%
Full Back (PSG Reserves)Habib Beye
8%
WingerFabrice Pancrate
8%
Centre HalfRodrigues Helder
3%

Score Distribution

Percentile by Number Answered

Percent of People with Each Score

Your Score History

You have not taken this quiz